Youngest Survivors Quiz Stats

 Plays Quiz not verified by Sporcle

Also try: TV Debuts: 2001
Challenge
Share
Tweet
Embed
Score 0/10 Timer 10:00
0 Plays Today
Age Contestant % Correct
19Spencer Duhm
93.3%
19Natalie Tenerelli
87.3%
20Michael 'Frosti' Zernow
80.2%
19Brandon Hantz
78.6%
20Kelly Shinn
71%
21Eliza Orlins
67.1%
21Morgan McDevitt
54.4%
21Brianna Varela
49.6%
21Jeff Wilson
44.8%
21Jenna Morasca
40.5%

You're not logged in!

Compare scores with friends on all Sporcle quizzes.
Join for Free
OR
Log In

You Might Also Like...

Show Comments

Extras

Top Quizzes Today


Score Distribution

Your Account Isn't Verified!

In order to create a playlist on Sporcle, you need to verify the email address you used during registration. Go to your Sporcle Settings to finish the process.

Report this User

Report this user for behavior that violates our Community Guidelines.

Details: